Statistics for Capitals of the World Map Quiz

Click here to take the quiz!

General Stats

  • This quiz has been taken 18 times
  • The average score is 119 of 196

Answers on the Map

Answers color-coded by a green-red scale on the quiz's map according to % correct below.
 

Answer Stats

Country% Correct
Buenos Aires, Argentina
100%
Ottawa, Canada
100%
Athens, Greece
94%
Beijing, China
94%
Berlin, Germany
94%
Bogota, Colombia
94%
Brasilia, Brazil
94%
Canberra, Australia
94%
Dublin, Ireland
94%
Havana, Cuba
94%
Lisbon, Portugal
94%
London, United Kingdom
94%
Madrid, Spain
94%
Moscow, Russia
94%
New Delhi, India
94%
Paris, France
94%
Rome, Italy
94%
Santiago, Chile
94%
Wellington, New Zealand
94%
Algiers, Algeria
88%
Amsterdam, Netherlands
88%
Ankara, Turkey
88%
Bangkok, Thailand
88%
Brussels, Belgium
88%
Bucharest, Romania
88%
Budapest, Hungary
88%
Cairo, Egypt
88%
Cape Town, South Africa
88%
Copenhagen, Denmark
88%
Dhaka, Bangladesh
88%
Hanoi, Vietnam
88%
Helsinki, Finland
88%
Islamabad, Pakistan
88%
Kiev, Ukraine
88%
Lima, Peru
88%
Luxembourg, Luxembourg
88%
Manila, Philippines
88%
Mexico City, Mexico
88%
Oslo, Norway
88%
Riga, Latvia
88%
Seoul, South Korea
88%
Stockholm, Sweden
88%
Tokyo, Japan
88%
Tunis, Tunisia
88%
Vienna, Austria
88%
Warsaw, Poland
88%
Washington D.C., United States
88%
Zagreb, Croatia
88%
Baghdad, Iraq
81%
Baku, Azerbaijan
81%
Bern, Switzerland
81%
Jakarta, Indonesia
81%
Jerusalem, Israel
81%
Khartoum, Sudan
81%
Minsk, Belarus
81%
Montevideo, Uruguay
81%
Panama City, Panama
81%
Prague, Czech Republic
81%
Quito, Ecuador
81%
Riyadh, Saudi Arabia
81%
Sofia, Bulgaria
81%
Tehran, Iran
81%
Abu Dhabi, United Arab Emirates
75%
Beirut, Lebanon
75%
Caracas, Venezuela
75%
Kabul, Afghanistan
75%
Kingston, Jamaica
75%
Kuala Lumpur, Malaysia
75%
Nairobi, Kenya
75%
Pyongyang, North Korea
75%
Rabat, Morocco
75%
San Salvador, El Salvador
75%
Sarajevo, Bosnia and Herzegovina
75%
Taipei, Taiwan
75%
Tallinn, Estonia
75%
Tripoli, Libya
75%
Addis Ababa, Ethiopia
69%
Amman, Jordan
69%
Bratislava, Slovakia
69%
Damascus, Syria
69%
Doha, Qatar
69%
Kuwait City, Kuwait
69%
Mogadishu, Somalia
69%
Monaco, Monaco
69%
Port-au-Prince, Haiti
69%
Reykjavik, Iceland
69%
San Marino, San Marino
69%
Santo Domingo, Dominican Republic
69%
Vatican City, Vatican City
69%
Vilnius, Lithuania
69%
Belgrade, Serbia
63%
Chisinau, Moldova
63%
Georgetown, Guyana
63%
Kathmandu, Nepal
63%
Kinshasa, Democratic Republic of the Congo
63%
La Paz, Bolivia
63%
Muscat, Oman
63%
Nicosia, Cyprus
63%
Port Moresby, Papua New Guinea
63%
Port of Spain, Trinidad and Tobago
63%
Pristina, Kosovo
63%
San Jose, Costa Rica
63%
Tbilisi, Georgia
63%
Tirana, Albania
63%
Vaduz, Liechtenstein
63%
Valletta, Malta
63%
Accra, Ghana
56%
Dakar, Senegal
56%
Monrovia, Liberia
56%
Nassau, Bahamas
56%
Podgorica, Montenegro
56%
Skopje, North Macedonia
56%
St. John's, Antigua and Barbuda
56%
Yerevan, Armenia
56%
Abuja, Nigeria
50%
Andorra la Vella, Andorra
50%
Asuncion, Paraguay
50%
Kampala, Uganda
50%
Male, Maldives
50%
Manama, Bahrain
50%
Paramaribo, Suriname
50%
São Tomé, São Tomé and Príncipe
50%
Ulaanbaatar, Mongolia
50%
Vientiane, Laos
50%
Belmopan, Belize
44%
Brazzaville, Republic of the Congo
44%
Bridgetown, Barbados
44%
Dili, East Timor
44%
Djibouti, Djibouti
44%
Freetown, Sierra Leone
44%
Luanda, Angola
44%
Managua, Nicaragua
44%
Nur-Saltan, Kazakhstan
44%
Phnom Penh, Cambodia
44%
Port Louis, Mauritius
44%
Roseau, Dominica
44%
Singapore, Singapore
44%
St. George's, Grenada
44%
Suva, Fiji
44%
Tashkent, Uzbekistan
44%
Tegucigalpa, Honduras
44%
Victoria, Seychelles
44%
Windhoek, Namibia
44%
Antananarivo, Madagascar
38%
Apia, Samoa
38%
Ashgabat, Turkmenistan
38%
Asmara, Eritrea
38%
Bamako, Mali
38%
Bandar Seri Begawan, Brunei
38%
Colombo, Sri Lanka
38%
Dushanbe, Tajikistan
38%
Funafuti, Tuvalu
38%
Gitega, Burundi
38%
Harare, Zimbabwe
38%
Juba, South Sudan
38%
Kigali, Rwanda
38%
Libreville, Gabon
38%
Lilongwe, Malawi
38%
Lome, Togo
38%
Majuro, Marshall Islands
38%
Maputo, Mozambique
38%
Maseru, Lesotho
38%
N'Djamena, Chad
38%
Ngerulmud, Palau
38%
Niamey, Niger
38%
Nuku'alofa, Tonga
38%
Palikir, Federated States of Micronesia
38%
Port Vila, Vanuatu
38%
Praia, Cape Verde
38%
Yaren, Nauru
38%
Abidjan, Ivory Coast
31%
Bangui, Central African Republic
31%
Banjul, Gambia
31%
Basseterre, Saint Kitts and Nevis
31%
Bishkek, Kyrgyzstan
31%
Castries, Saint Lucia
31%
Conakry, Guinea
31%
Dodoma, Tanzania
31%
Honiara, Solomon Islands
31%
Kingstown, Saint Vincent and the Grenadines
31%
Lusaka, Zambia
31%
Moroni, Comoros
31%
Thimphu, Bhutan
31%
Yaounde, Cameroon
31%
Gaborone, Botswana
25%
Malabo, Equatorial Guinea
25%
Naypyidaw, Myanmar
25%
Ouagadougou, Burkina Faso
25%
Tarawa, Kiribati
25%
Aden, Yemen
19%
Cotonou, Benin
19%
Noukchott, Mauritania
13%
Guatamala City, Guatemala
6%
Bassau, Guinea-Bissau
0%
Lbubljana, Slovenia
0%
Lobamba, Eswatini
0%

Score Distribution

Percentile by Number Answered

Percent of People with Each Score

Your Score History

You have not taken this quiz